[Event "LIX C.to Italiano"]
[Site "Saint Vincent - Chatillon ITA"]
[Date "1999.11.19"]
[Round "7"]
[White "Costantini, Roberto"]
[Black "Godena, Michele"]
[Result "1-0"]
[ECO "C22"]
[WhiteElo "2196"]
[BlackElo "2490"]
[PlyCount "157"]
[EventDate "1999.11.13"]

1. e4 e5 2. d4 exd4 3. Qxd4 Nc6 4. Qe3 b6 5. Bc4 Nf6 6. Nc3 Bc5 7. Qg3 Qe7 8.
f3 Bxg1 9. Rxg1 Ne5 10. Bb3 d6 11. Bg5 c6 12. O-O-O h6 13. Be3 g5 14. Qf2 Be6
15. h4 gxh4 16. Qxh4 Bxb3 17. axb3 Nfd7 18. Qf2 O-O-O 19. Qd2 h5 20. Qxd6 Qxd6
21. Rxd6 Kc7 22. Rgd1 Rhg8 23. Bf4 f6 24. Rxf6 Nxf6 25. Bxe5+ Kc8 26. Rxd8+
Kxd8 27. Bxf6+ Kd7 28. g4 hxg4 29. fxg4 Rxg4 30. Kd2 Ke6 31. e5 Kf5 32. Ne2 c5
33. Ke3 a5 34. Bd8 Rb4 35. Bc7 a4 36. bxa4 Rxb2 37. Kd3 Rb4 38. a5 bxa5 39.
Bxa5 Ra4 40. Bc7 Rg4 41. c3 Ke6 42. Bd6 Rh4 43. Ke3 Rc4 44. Nf4+ Kf5 45. Nd5
Ke6 46. Nc7+ Kd7 47. Kd3 Rh4 48. Na6 c4+ 49. Ke3 Kc6 50. Nb4+ Kd7 51. Nd5 Kc6
52. Nf4 Rh1 53. Ke4 Rd1 54. Kf5 Kd7 55. Bb4 Rf1 56. e6+ Ke8 57. e7 Rf3 58. Ke4
Rxc3 59. Bxc3 Kxe7 60. Kd5 Kd7 61. Kxc4 Kd6 62. Bd4 Kc6 63. Bc5 Kc7 64. Kd5 Kd7
65. Nd3 Kc7 66. Ne5 Kb7 67. Kd6 Kb8 68. Kc6 Ka8 69. Nc4 Kb8 70. Ne3 Ka8 71. Nd5
Kb8 72. Nc7 Kc8 73. Ba7 Kd8 74. Nd5 Ke8 75. Kd6 Kf7 76. Ne7 Kf6 77. Be3 Kf7 78.
Bd4 Ke8 79. Ke6 1-0

[Event "LIX C.to Italiano"]
[Site "Saint Vincent - Chatillon ITA"]
[Date "1999.11.19"]
[Round "7"]
[White "Rossi, Carlo"]
[Black "Mantovani, Renzo"]
[Result "1-0"]
[ECO "B50"]
[WhiteElo "2361"]
[BlackElo "2419"]
[PlyCount "83"]
[EventDate "1999.11.13"]

1. e4 c5 2. Nf3 d6 3. c3 Nf6 4. Be2 Nbd7 5. d3 b6 6. O-O Bb7 7. Re1 e6 8. Nbd2
Be7 9. Bf1 O-O 10. d4 cxd4 11. cxd4 Qc7 12. Bd3 Rfd8 13. Nf1 Nf8 14. Ng3 Rac8
15. Bd2 Rd7 16. Qe2 Qd8 17. Rad1 Ng6 18. Bb1 Bf8 19. Bg5 h6 20. Bc1 Nh7 21. Qb5
Rdc7 22. Qb3 Nh4 23. a3 Nxf3+ 24. Qxf3 g6 25. Qg4 Bg7 26. Be3 h5 27. Qe2 Qe8
28. f4 Nf6 29. e5 dxe5 30. fxe5 Ng4 31. Bg5 Qa4 32. h3 Nh6 33. Qe3 Nf5 34. Nxf5
gxf5 35. Bf6 Bxf6 36. exf6 Kf8 37. Qh6+ Ke8 38. d5 Rc2 39. Bxc2 Qxc2 40. Qh8+
Kd7 41. dxe6+ Kc7 42. Qxc8+ 1-0

[Event "LIX C.to Italiano"]
[Site "Saint Vincent - Chatillon ITA"]
[Date "1999.11.19"]
[Round "7"]
[White "Sarno, Spartaco"]
[Black "Efimov, Igor"]
[Result "1/2-1/2"]
[ECO "A11"]
[WhiteElo "2373"]
[BlackElo "2445"]
[PlyCount "76"]
[EventDate "1999.11.13"]

1. c4 c6 2. Nf3 d6 3. Nc3 Bg4 4. d4 Bxf3 5. gxf3 Nd7 6. f4 g6 7. e3 Bg7 8. Bd2
Ngf6 9. Bg2 O-O 10. O-O Rb8 11. Qe2 a6 12. Rfd1 Re8 13. b4 e5 14. fxe5 dxe5 15.
dxe5 Nxe5 16. b5 Qc7 17. h3 h5 18. Rab1 Rbc8 19. bxa6 bxa6 20. Na4 Bh6 21. Bb4
Bf8 22. Bxf8 Kxf8 23. Nb6 Rb8 24. c5 a5 25. Qd2 Kg7 26. Qc3 Kh7 27. Rb2 Qe7 28.
Rbd2 Nd5 29. Rxd5 cxd5 30. Nxd5 Qh4 31. f4 Qg3 32. fxe5 Rxe5 33. Qe1 Qxe1+ 34.
Rxe1 Rb2 35. Rf1 Kg7 36. Rf2 Rb1+ 37. Rf1 Rb2 38. Rf2 Rb1+ 1/2-1/2

[Event "LIX C.to Italiano"]
[Site "Saint Vincent - Chatillon ITA"]
[Date "1999.11.20"]
[Round "8"]
[White "Belotti, Bruno"]
[Black "Rossi, Carlo"]
[Result "1-0"]
[ECO "C00"]
[WhiteElo "2423"]
[BlackElo "2361"]
[PlyCount "75"]
[EventDate "1999.11.13"]

1. e4 e6 2. d3 d5 3. Qe2 Nc6 4. Nf3 e5 5. c3 Nf6 6. Bg5 Be7 7. Qc2 O-O 8. Be2
Re8 9. O-O h6 10. Bh4 g5 11. Bg3 Nh5 12. Re1 Nf4 13. Bf1 Bg4 14. Nbd2 Bf8 15.
h3 Be6 16. Rad1 Qf6 17. d4 exd4 18. Nxd4 Bc5 19. N2b3 Bb6 20. Nxe6 fxe6 21.
exd5 exd5 22. Rxe8+ Rxe8 23. Bxf4 gxf4 24. Rxd5 Ne5 25. Rd1 Qg5 26. Kh1 f3 27.
g3 Kh8 28. Nd4 c5 29. Nf5 Rf8 30. Nh4 c4 31. Qe4 Kg7 32. Rd5 Bc7 33. Bxc4 h5
34. Bd3 Qc1+ 35. Kh2 Ng4+ 36. hxg4 Bxg3+ 37. fxg3 Qd2+ 38. Kh3 1-0

[Event "LIX C.to Italiano"]
[Site "Saint Vincent - Chatillon ITA"]
[Date "1999.11.20"]
[Round "8"]
[White "Efimov, Igor"]
[Black "Godena, Michele"]
[Result "1-0"]
[ECO "D19"]
[WhiteElo "2445"]
[BlackElo "2490"]
[PlyCount "65"]
[EventDate "1999.11.13"]

1. d4 d5 2. c4 c6 3. Nc3 Nf6 4. Nf3 dxc4 5. a4 Bf5 6. e3 e6 7. Bxc4 Bb4 8. O-O
O-O 9. Qe2 Bg6 10. h3 Nbd7 11. Bd2 Qa5 12. Rfd1 Ne4 13. Nxe4 Bxe4 14. Bxb4 Qxb4
15. Nd2 Bc2 16. Rdc1 Bg6 17. Bd3 e5 18. Bxg6 hxg6 19. Nf3 exd4 20. Nxd4 Rfe8
21. Qc4 Qxc4 22. Rxc4 a5 23. Rc3 Ra6 24. Raa3 Rb6 25. Rab3 Rb4 26. Kf1 Kf8 27.
g4 Re5 28. Rxb4 axb4 29. Rc2 Nc5 30. b3 Ne4 31. Ke2 Ke7 32. Kd3 c5 33. f4 1-0

[Event "LIX C.to Italiano"]
[Site "Saint Vincent - Chatillon ITA"]
[Date "1999.11.20"]
[Round "8"]
[White "Mantovani, Renzo"]
[Black "Arlandi, Ennio"]
[Result "1/2-1/2"]
[ECO "B80"]
[WhiteElo "2419"]
[BlackElo "2465"]
[PlyCount "57"]
[EventDate "1999.11.13"]

1. e4 c5 2. Nf3 e6 3. d4 cxd4 4. Nxd4 Nf6 5. Nc3 d6 6. g3 Be7 7. Bg2 a6 8. O-O
Qc7 9. Re1 O-O 10. a4 Nc6 11. Nxc6 bxc6 12. a5 Rb8 13. Qe2 Nd7 14. b3 c5 15.
Bd2 Bf6 16. Rad1 Bb7 17. Nb1 Rfd8 18. Na3 Ne5 19. Bc3 Ng4 20. Bxf6 Nxf6 21. Nc4
d5 22. exd5 exd5 23. Nb6 Re8 24. Qd2 d4 25. Bxb7 Qxb7 26. Rxe8+ Rxe8 27. Re1
Re4 28. Re2 Qe7 29. Rxe4 1/2-1/2

[Event "LIX C.to Italiano"]
[Site "Saint Vincent - Chatillon ITA"]
[Date "1999.11.20"]
[Round "8"]
[White "Sarno, Spartaco"]
[Black "Bellini, Fabio"]
[Result "0-1"]
[ECO "A12"]
[WhiteElo "2373"]
[BlackElo "2418"]
[PlyCount "140"]
[EventDate "1999.11.13"]

1. c4 c6 2. Nf3 d5 3. b3 Bg4 4. Bb2 Nd7 5. g3 Bxf3 6. exf3 e6 7. Be2 Ngf6 8.
O-O Be7 9. d4 O-O 10. Nd2 dxc4 11. Nxc4 Nd5 12. f4 N7b6 13. Qc2 g6 14. Rad1 Nc8
15. h4 h5 16. Ne5 Kg7 17. a3 Nd6 18. Rfe1 Nf5 19. Bf1 Bf6 20. b4 a6 21. Qb3 Re8
22. a4 Re7 23. Rc1 Qb6 24. b5 cxb5 25. axb5 axb5 26. Rc5 Ra4 27. Rxb5 Qa7 28.
Bg2 Nd6 29. Rc5 Rb4 30. Qa3 Qb6 31. Ba1 Rb1 32. Rxb1 Qxb1+ 33. Rc1 Nb5 34. Rxb1
Nxa3 35. Rb3 Nc2 36. Bb2 Rc7 37. Bxd5 exd5 38. Rb5 Be7 39. Rxd5 Nb4 40. Rb5 f6
41. d5 Bc5 42. Kg2 Nxd5 43. Nd3 b6 44. Nxc5 Rxc5 45. Rxc5 bxc5 46. Kf3 Kf7 47.
Ke4 Ke6 48. Kd3 Nb6 49. Ba3 Kd5 50. f5 gxf5 51. Bb2 Nd7 52. Ke3 Ne5 53. Ba1 Ke6
54. Bc3 Nc4+ 55. Kd3 Nd6 56. f3 Nf7 57. Be1 Ne5+ 58. Ke3 Ng6 59. f4 Nf8 60. Ba5
Kd5 61. Bd8 Nd7 62. Ba5 Kc4 63. Bd8 Kc3 64. Bc7 Kb3 65. Ba5 Nb8 66. Bd8 c4 67.
Bxf6 c3 68. g4 fxg4 69. f5 c2 70. Kd2 g3 0-1

[Event "LIX C.to Italiano"]
[Site "Saint Vincent - Chatillon ITA"]
[Date "1999.11.21"]
[Round "9"]
[White "Arlandi, Ennio"]
[Black "Belotti, Bruno"]
[Result "1/2-1/2"]
[ECO "D10"]
[WhiteElo "2465"]
[BlackElo "2423"]
[PlyCount "87"]
[EventDate "1999.11.13"]

1. d4 d5 2. c4 c6 3. e3 Bf5 4. Qb3 Qc7 5. cxd5 cxd5 6. Bb5+ Nd7 7. Nc3 e6 8.
Bd2 Ne7 9. Rc1 Nc6 10. Nge2 Rc8 11. O-O Bd6 12. Ng3 Bxg3 13. hxg3 O-O 14. Ne2
Ndb8 15. Nf4 Qb6 16. f3 a6 17. Ba4 Qa7 18. g4 Bg6 19. Nxg6 hxg6 20. Qd3 b5 21.
Bb3 Nd7 22. Rcd1 Nb6 23. Qe2 Nc4 24. Bc1 f5 25. Bc2 Qc7 26. b3 Nd6 27. Bb1 Qb6
28. Bb2 b4 29. a4 bxa3 30. Bxa3 Nb4 31. Rc1 a5 32. Rxc8 Rxc8 33. Rc1 Rxc1+ 34.
Bxc1 Qc6 35. Bd2 Kf7 36. gxf5 gxf5 37. Qe1 Qb5 38. Qc1 Qc6 39. Qxc6 Nxc6 40.
Kf2 Nb4 41. Ke2 Ke7 42. Be1 Kd7 43. Bg3 g6 44. Kd2 1/2-1/2

[Event "LIX C.to Italiano"]
[Site "Saint Vincent - Chatillon ITA"]
[Date "1999.11.21"]
[Round "9"]
[White "Bellini, Fabio"]
[Black "Efimov, Igor"]
[Result "0-1"]
[ECO "B28"]
[WhiteElo "2418"]
[BlackElo "2445"]
[PlyCount "82"]
[EventDate "1999.11.13"]

1. e4 c5 2. Nf3 a6 3. c4 e6 4. Nc3 b6 5. d4 cxd4 6. Nxd4 Bb7 7. Bd3 Bc5 8. Nb3
Nc6 9. Nxc5 bxc5 10. O-O Nge7 11. f4 d6 12. Qh5 Qd7 13. Bd2 Nd4 14. Rae1 g6 15.
Qd1 f5 16. Ne2 O-O 17. Nxd4 cxd4 18. Qe2 Rae8 19. exf5 Nxf5 20. Be4 h5 21. Qd3
Bxe4 22. Rxe4 Kf7 23. Rfe1 Re7 24. b3 Rfe8 25. h3 h4 26. c5 dxc5 27. Qxa6 Qa7
28. Qxa7 Rxa7 29. Ra1 Rea8 30. a4 c4 31. bxc4 Rxa4 32. Rb1 Rxc4 33. Rb7+ Kf6
34. Rb6 Re8 35. Bb4 Rc2 36. Bd6 d3 37. Be5+ Kf7 38. Re1 d2 39. Rd1 Rc1 40. Rb1
Rxb1 41. Rxb1 Ne3 0-1

[Event "LIX C.to Italiano"]
[Site "Saint Vincent - Chatillon ITA"]
[Date "1999.11.21"]
[Round "9"]
[White "Costantini, Roberto"]
[Black "Mantovani, Renzo"]
[Result "1-0"]
[ECO "B56"]
[WhiteElo "2196"]
[BlackElo "2419"]
[PlyCount "91"]
[EventDate "1999.11.13"]

1. e4 c5 2. Nf3 d6 3. d4 cxd4 4. Nxd4 Nf6 5. Nc3 Nc6 6. f3 e6 7. Be3 Be7 8. Qd2
O-O 9. O-O-O a6 10. g4 Nd7 11. h4 Nde5 12. Qg2 b5 13. Nxc6 Nxc6 14. g5 Bd7 15.
h5 b4 16. Na4 Rb8 17. b3 f5 18. exf5 Rxf5 19. Bd3 Rxg5 20. Bxg5 Bxg5+ 21. Kb1
Ne5 22. f4 Nxd3 23. fxg5 Nf4 24. Qg3 Qf8 25. Rhf1 e5 26. h6 Qe7 27. Rfe1 Ne6
28. g6 gxh6 29. gxh7+ Kh8 30. Rg1 Ng5 31. Qd3 Bxa4 32. bxa4 Rd8 33. Qg6 Qf8 34.
Rgf1 Qe7 35. Qxh6 Nxh7 36. Rh1 e4 37. Rh3 a5 38. Rdh1 Rd7 39. Qg6 Rc7 40. Rxh7+
Qxh7 41. Qe8+ Kg7 42. Rxh7+ Kxh7 43. Qxe4+ Kg7 44. Qd4+ Kf7 45. Qxd6 Ra7 46.
Qb6 1-0

[Event "IX C.to Mondiale seniores"]
[Site "Gladenbach GER"]
[Date "1999.11.09"]
[Round "2"]
[White "Castelluzzo, Salvatore"]
[Black "Fronczek, Heinrich"]
[Result "0-1"]
[ECO "A48"]
[WhiteElo "2104"]
[BlackElo "2304"]
[PlyCount "112"]
[EventDate "1999.11.08"]

1. d4 Nf6 2. Nf3 c5 3. e3 g6 4. Be2 Bg7 5. O-O Qc7 6. c3 d6 7. Nbd2 O-O 8. b3
cxd4 9. cxd4 Nd5 10. Bb2 Nc6 11. Rc1 Qd8 12. Re1 Bd7 13. Ne4 Qb6 14. Nc3 Nxc3
15. Bxc3 d5 16. Qd2 a5 17. Rb1 Bf5 18. Rb2 Rfc8 19. Bd3 Bg4 20. Be2 Bd7 21. Rc1
e6 22. h3 Bf8 23. Rbb1 Bd6 24. Ne1 Qd8 25. Nd3 b6 26. a4 Qe7 27. Bf1 Rc7 28. f4
f6 29. g4 Rac8 30. Kg2 Be8 31. Be2 Bf7 32. Bf3 Ba3 33. Bb2 Bxb2 34. Rxb2 e5 35.
dxe5 fxe5 36. fxe5 Nxe5 37. Rxc7 Rxc7 38. Nxe5 Qxe5 39. Qd4 Qxd4 40. exd4 Rc3
41. b4 axb4 42. Rxb4 Rc4 43. Rxc4 dxc4 44. Kf2 c3 45. Bd1 g5 46. Bc2 Bc4 47.
Ke3 Bf1 48. Bf5 Bxh3 49. Kd3 h5 50. Kxc3 Bxg4 51. Be4 Bd7 52. Kb4 g4 53. a5
bxa5+ 54. Kxa5 h4 55. Kb6 g3 56. Kc7 h3 0-1

[Event "IX C.to Mondiale seniores"]
[Site "Gladenbach GER"]
[Date "1999.11.12"]
[Round "5"]
[White "Kuehn, Peter"]
[Black "Castelluzzo, Salvatore"]
[Result "1/2-1/2"]
[ECO "B15"]
[WhiteElo "2276"]
[BlackElo "2104"]
[PlyCount "29"]
[EventDate "1999.11.08"]

1. e4 g6 2. d4 Bg7 3. Nc3 c6 4. f4 d5 5. e5 h5 6. Nf3 Nh6 7. Be3 Bg4 8. Be2 Nf5
9. Bf2 e6 10. Qd2 Nd7 11. O-O-O Qa5 12. h3 Bxf3 13. Bxf3 h4 14. Kb1 Bf8 15. Ne2
1/2-1/2

[Event "II Festival"]
[Site "Potenza ITA"]
[Date "1999.10.??"]
[Round "?"]
[White "Basta, Giancarlo"]
[Black "Piscopo, Pierluigi"]
[Result "0-1"]
[ECO "A88"]
[WhiteElo "1890"]
[BlackElo "2039"]
[PlyCount "82"]
[EventDate "1999.10.30"]

1. Nf3 g6 2. g3 Bg7 3. Bg2 f5 4. d4 Nf6 5. c4 O-O 6. Nc3 d6 7. O-O c6 8. d5
cxd5 9. cxd5 Na6 10. Be3 Bd7 11. Rc1 Qe8 12. Qd2 Ng4 13. Bd4 Bh6 14. e3 g5 15.
e4 Qh5 16. e5 dxe5 17. Bxe5 f4 18. Qd4 fxg3 19. Bxg3 Bg7 20. Qd2 Rf5 21. Ne4
Nf6 22. Nxf6+ Bxf6 23. Nd4 Re5 24. d6 Nc5 25. dxe7 Ne4 26. Bxe4 Rxe4 27. Nb3
Rxe7 28. Rc7 Bc6 29. f3 Rxc7 30. Bxc7 Bxf3 31. Qf2 g4 32. Qg3 Qg5 33. Bf4 Qg7
34. h3 h5 35. hxg4 hxg4 36. Rxf3 gxf3 37. Kf2 Qxg3+ 38. Kxg3 Bxb2 39. Nd2 Bc1
40. Nxf3 Bxf4+ 41. Kxf4 Kf7 0-1

[Event "II Festival"]
[Site "Potenza ITA"]
[Date "1999.10.??"]
[Round "?"]
[White "Piscopo, Pierluigi"]
[Black "Di Gianni, Rocco"]
[Result "1/2-1/2"]
[ECO "B86"]
[WhiteElo "2039"]
[BlackElo "2120"]
[PlyCount "61"]
[EventDate "1999.10.30"]

1. e4 c5 2. Nf3 d6 3. d4 cxd4 4. Nxd4 Nf6 5. Nc3 e6 6. Bc4 Be7 7. Be3 O-O 8.
Qe2 Nxe4 9. Nxe4 d5 10. O-O-O Nd7 11. Bb3 dxe4 12. Nxe6 fxe6 13. Bxe6+ Kh8 14.
Qb5 a6 15. Qa4 Bg5 16. Bxd7 Rxf2 17. Rhe1 Bxd7 18. Rxd7 Bxe3+ 19. Rxe3 Qg5 20.
Qxe4 Raf8 21. Rd2 R2f4 22. Rf3 h6 23. Rxf4 Rxf4 24. Qd3 Rf8 25. c3 Qa5 26. Qc4
Qe5 27. h3 b5 28. Qd4 Qe6 29. Qd5 Qg6 30. Qd3 Qg5 31. Qd5 1/2-1/2

[Event "II Festival"]
[Site "Potenza ITA"]
[Date "1999.10.??"]
[Round "?"]
[White "Piscopo, Pierluigi"]
[Black "Laketic, Gojko"]
[Result "0-1"]
[ECO "E19"]
[WhiteElo "2039"]
[BlackElo "2418"]
[PlyCount "64"]
[EventDate "1999.10.30"]

1. d4 Nf6 2. c4 e6 3. Nf3 b6 4. g3 Bb7 5. Bg2 Be7 6. O-O O-O 7. Nc3 Ne4 8. Qc2
Nxc3 9. Qxc3 c5 10. Be3 Be4 11. Rfd1 Qc7 12. Bf4 d6 13. Qe3 Bb7 14. Bg5 Nc6 15.
d5 exd5 16. cxd5 Bxg5 17. Nxg5 Ne5 18. Qe4 Ng6 19. Qc2 Qe7 20. h4 Rfe8 21. Be4
h6 22. Bxg6 hxg5 23. Bh7+ Kh8 24. hxg5 g6 25. Bxg6 fxg6 26. Qxg6 Rad8 27. Qh6+
Kg8 28. g6 Qg7 29. Qg5 Qe5 30. Qh6 Rd7 31. Rd3 Qg7 32. Qh3 Rxe2 0-1

[Event "V Weekend A"]
[Site "Palermo ITA"]
[Date "1999.10.30"]
[Round "3"]
[White "Genovese, Maurizio"]
[Black "Alaimo, Riccardo"]
[Result "0-1"]
[ECO "D13"]
[WhiteElo "2287"]
[BlackElo "2068"]
[PlyCount "116"]
[EventDate "1999.10.29"]

1. d4 d5 2. c4 c6 3. cxd5 cxd5 4. Nf3 Nf6 5. Nc3 Nc6 6. Ne5 Qb6 7. g3 Qxd4 8.
Bf4 Qxd1+ 9. Rxd1 e6 10. Bg2 Bb4 11. O-O O-O 12. Nb5 Nh5 13. e4 Nxf4 14. gxf4
dxe4 15. Bxe4 Nxe5 16. fxe5 a6 17. Nd6 Rb8 18. a3 Ba5 19. Rc1 Bd2 20. Rxc8
Rfxc8 21. Nxc8 Rxc8 22. Bxb7 Rb8 23. Rd1 Rxb7 24. Rxd2 g5 25. b4 a5 26. Rd4
axb4 27. axb4 Rb5 28. Re4 Kg7 29. h4 Kg6 30. Rg4 h6 31. hxg5 hxg5 32. Kg2 Kf5
33. Kf3 Rxe5 34. Rc4 Rd5 35. Rc5 Rxc5 36. bxc5 Ke5 37. Kg4 f6 38. Kh5 Kd5 39.
Kg6 f5 40. Kxg5 Kxc5 41. Kf4 Kd4 42. Kf3 e5 43. Ke2 Ke4 44. f3+ Kf4 45. Kf2 Kg5
46. Kg2 Kg6 47. Kg3 Kg5 48. Kg2 f4 49. Kf2 Kf6 50. Ke2 Ke6 51. Kd3 Kd5 52. Ke2
Kc4 53. Kd2 Kd4 54. Ke2 Kc3 55. Ke1 Kd3 56. Kf2 Kd2 57. Kf1 Ke3 58. Kg2 Ke2 0-1

[Event "V Weekend A"]
[Site "Palermo ITA"]
[Date "1999.10.30"]
[Round "4"]
[White "Alaimo, Riccardo"]
[Black "Kalezic, Blazo"]
[Result "0-1"]
[ECO "C13"]
[WhiteElo "2068"]
[BlackElo "2394"]
[PlyCount "104"]
[EventDate "1999.10.29"]

1. e4 e6 2. Nc3 d5 3. d4 Nf6 4. Bg5 Be7 5. e5 Nfd7 6. h4 a6 7. Qg4 Bxg5 8. hxg5
c5 9. g6 f5 10. Qf4 h6 11. Nf3 Nc6 12. dxc5 Ne7 13. Qg3 Nxc5 14. O-O-O Rf8 15.
Bd3 Bd7 16. Ne2 Qa5 17. Kb1 O-O-O 18. Nf4 Kb8 19. Nd4 Ka8 20. Qe3 Rc8 21. f3
Nc6 22. Nxc6 bxc6 23. Qd2 Qb6 24. Ka1 Rc7 25. g4 fxg4 26. fxg4 a5 27. g5 hxg5
28. Nh5 Bc8 29. Qxg5 Ba6 30. Bxa6 Nxa6 31. Rhf1 Rb8 32. b3 a4 33. Rf7 Nb4 34.
Qd2 axb3 35. cxb3 d4 36. Nxg7 c5 37. Qe2 Rc6 38. Qe4 Nxa2 39. Nxe6 Rbc8 40.
Kxa2 Kb8 41. g7 Qa5+ 42. Kb1 Rb6 43. Qc2 Ra6 44. Qb2 Rxe6 45. Qg2 Rb6 46. Rf3
Ra6 47. g8=Q Qa1+ 48. Kc2 Ra2+ 49. Kd3 Qxd1+ 50. Ke4 Rxg2 51. Qxg2 Qe1+ 52. Kd5
Qa5 0-1

[Event "V Weekend A"]
[Site "Palermo ITA"]
[Date "1999.10.30"]
[Round "4"]
[White "Ulibin, Mikhail"]
[Black "Djuric, Stefan"]
[Result "1/2-1/2"]
[ECO "A55"]
[WhiteElo "2562"]
[BlackElo "2504"]
[PlyCount "57"]
[EventDate "1999.10.29"]

1. d4 Nf6 2. c4 c6 3. Nc3 d6 4. e4 Nbd7 5. Nf3 e5 6. Be2 Be7 7. O-O O-O 8. d5
Nc5 9. Qc2 cxd5 10. cxd5 Qc7 11. Nd2 Bd7 12. a4 Rfc8 13. Ra3 Qd8 14. Qd1 a5 15.
Re1 g6 16. Bf1 Ng4 17. Nc4 f5 18. f3 Nf6 19. exf5 Bxf5 20. Bg5 Na6 21. Qd2 Nb4
22. g4 Bd7 23. Be3 Ra6 24. h3 Be8 25. f4 exf4 26. Bxf4 Bf7 27. Ne3 Raa8 28. g5
Nh5 29. Ng4 1/2-1/2

[Event "V Weekend A"]
[Site "Palermo ITA"]
[Date "1999.10.31"]
[Round "5"]
[White "Djuric, Stefan"]
[Black "Djukic, Nikola"]
[Result "1-0"]
[ECO "A49"]
[WhiteElo "2504"]
[BlackElo "2132"]
[PlyCount "53"]
[EventDate "1999.10.29"]

1. d4 Nf6 2. Nf3 g6 3. g3 Bg7 4. Bg2 O-O 5. O-O d6 6. Re1 c5 7. c3 Nc6 8. d5
Ne5 9. Nxe5 dxe5 10. e4 b6 11. Nd2 Bb7 12. c4 Qc7 13. a3 Rad8 14. b3 Rfe8 15.
Bb2 Nd7 16. Qc2 e6 17. a4 a5 18. Bc3 Nf8 19. Rad1 Rd7 20. Qb2 Red8 21. f4 f6
22. fxe5 fxe5 23. Nf3 Re7 24. Bxe5 Bxe5 25. Nxe5 exd5 26. exd5 Qd6 27. Ng4 1-0

[Event "C.to Mondiale U16"]
[Site "Oropesa del Mar ESP"]
[Date "1999.11.02"]
[Round "9"]
[White "Perez Candelario, Manuel"]
[Black "Drabke, Lorenz Maximilian"]
[Result "1-0"]
[ECO "B23"]
[WhiteElo "2236"]
[BlackElo "2102"]
[PlyCount "49"]
[EventDate "1999.10.24"]

1. e4 c5 2. Nc3 Nc6 3. Bb5 Nd4 4. Bc4 e6 5. Nge2 Nf6 6. O-O d5 7. exd5 exd5 8.
Nxd5 Nxd5 9. Nxd4 cxd4 10. Qh5 Ne7 11. Qxf7+ Kd7 12. d3 Kc6 13. Bg5 Qd7 14. a4
a6 15. Bb5+ axb5 16. axb5+ Kb6 17. Rxa8 Nd5 18. Qf3 Bd6 19. Bd2 Nc7 20. Ba5+
Kxb5 21. c4+ dxc3 22. Bxc7 Bxc7 23. bxc3 Qc6 24. c4+ Kc5 25. d4+ 1-0

[Event "C.to Mondiale U18"]
[Site "Oropesa del Mar ESP"]
[Date "1999.11.04"]
[Round "10"]
[White "Kanep, Meelis"]
[Black "Genocchio, Daniele"]
[Result "1-0"]
[ECO "A79"]
[WhiteElo "2191"]
[BlackElo "2291"]
[PlyCount "71"]
[EventDate "1999.10.24"]

1. d4 e6 2. Nf3 Nf6 3. c4 c5 4. d5 exd5 5. cxd5 d6 6. Nc3 g6 7. e4 Bg7 8. Be2
O-O 9. O-O Re8 10. Nd2 Na6 11. f3 Nc7 12. a4 b6 13. Bb5 Nxb5 14. axb5 Nd7 15.
Nc4 Ne5 16. Ne3 f5 17. f4 Nd7 18. exf5 Bd4 19. Rf3 Nf6 20. Kh1 Bxf5 21. Nxf5
gxf5 22. Bd2 Ng4 23. Be1 Qe7 24. h3 Ne3 25. Qd3 Qf7 26. Bf2 Bxc3 27. bxc3 Nxd5
28. Rd1 Ne7 29. Qxd6 Ng6 30. h4 Re6 31. Qd3 h5 32. Rg3 Rae8 33. Rg5 Re4 34. Bg3
R8e6 35. Qd8+ Kg7 36. Rxh5 1-0

[Event "C.to Mondiale U18 femminile"]
[Site "Oropesa del Mar ESP"]
[Date "1999.10.25"]
[Round "2"]
[White "Cleven, Maria"]
[Black "Arnetta, Marianna"]
[Result "0-1"]
[ECO "A05"]
[WhiteElo "2051"]
[BlackElo "1714"]
[PlyCount "70"]
[EventDate "1999.10.24"]

1. Nf3 Nf6 2. g3 g6 3. b3 Bg7 4. Bb2 d5 5. Bg2 c5 6. d4 cxd4 7. O-O O-O 8. Nxd4
Nc6 9. c4 Nxd4 10. Qxd4 dxc4 11. Qxc4 Be6 12. Qb5 Rc8 13. Na3 Qd2 14. Bd4 a6
15. Qxb7 Qxe2 16. Rfe1 Qd2 17. Qxa6 Ng4 18. Bxg7 Qxf2+ 19. Kh1 Kxg7 20. Qe2 Qc5
21. h3 Qxa3 22. hxg4 Rc5 23. Rad1 Rfc8 24. Rd2 Qb4 25. Bf3 Rg5 26. Qe3 h6 27.
Kg2 Bxg4 28. Bxg4 Qxg4 29. Rf1 Qb4 30. Rdf2 f6 31. Re1 Re5 32. Qxe5 fxe5 33.
Rxe5 Rc1 34. Rfe2 Qb7+ 35. Kf2 Kf7 0-1

[Event "C.to Mondiale U18 femminile"]
[Site "Oropesa del Mar ESP"]
[Date "1999.10.26"]
[Round "3"]
[White "Arnetta, Marianna"]
[Black "Sahakyan, Nona"]
[Result "1/2-1/2"]
[ECO "B23"]
[WhiteElo "1714"]
[BlackElo "2093"]
[PlyCount "45"]
[EventDate "1999.10.24"]

1. e4 c5 2. Nc3 Nc6 3. f4 d6 4. Nf3 e6 5. Bc4 Nf6 6. d3 a6 7. a3 g6 8. O-O Bg7
9. Ba2 O-O 10. Qe1 Nd7 11. f5 Nde5 12. Nxe5 Nxe5 13. fxg6 fxg6 14. Bf4 Bd7 15.
Kh1 b5 16. Ne2 Qb6 17. Qh4 Rae8 18. Bxe5 dxe5 19. Ng1 Qd6 20. Nf3 Rf4 21. Qf2
Ref8 22. Qe2 Bh6 23. Bb3 1/2-1/2

[Event "C.to Mondiale U18 femminile"]
[Site "Oropesa del Mar ESP"]
[Date "1999.10.27"]
[Round "4"]
[White "Moshina, Cristina"]
[Black "Arnetta, Marianna"]
[Result "1-0"]
[ECO "C11"]
[WhiteElo "2192"]
[BlackElo "1714"]
[PlyCount "61"]
[EventDate "1999.10.24"]

1. e4 e6 2. d4 d5 3. Nc3 Nf6 4. e5 Nfd7 5. f4 c5 6. Nf3 Nc6 7. Be3 a6 8. Qd2 b5
9. Ne2 c4 10. a4 b4 11. g3 Nb6 12. b3 Na5 13. Qd1 Bd7 14. Kf2 Rc8 15. Bg2 Be7
16. h3 Rc6 17. Ra2 Qc7 18. Bd2 O-O 19. Qe1 Rb8 20. Qb1 Rc8 21. Ne1 Be8 22. g4
f6 23. exf6 gxf6 24. f5 exf5 25. gxf5 Bd7 26. Nf4 Qd6 27. Qd1 Bxf5 28. Qh5 cxb3
29. Qxf5 bxa2 30. Rg1 Kf8 31. Qh5 1-0

[Event "C.to Mondiale U18 femminile"]
[Site "Oropesa del Mar ESP"]
[Date "1999.10.29"]
[Round "6"]
[White "Arnetta, Marianna"]
[Black "Buckley, Melanie H."]
[Result "0-1"]
[ECO "C01"]
[WhiteElo "1714"]
[BlackElo "2075"]
[PlyCount "130"]
[EventDate "1999.10.24"]

1. e4 e6 2. d4 d5 3. exd5 exd5 4. Bd3 Bd6 5. Nf3 Ne7 6. c3 Nbc6 7. Qc2 Bg4 8.
Nbd2 Qd7 9. h3 Bh5 10. g4 Bg6 11. Nb3 O-O-O 12. Be3 f5 13. gxf5 Nxf5 14. O-O-O
Nxe3 15. fxe3 Bxd3 16. Qxd3 Rde8 17. Nfd2 Ne7 18. Kb1 Rhf8 19. e4 dxe4 20. Nxe4
g6 21. Nbc5 Bxc5 22. Nxc5 Qf5 23. Rhf1 Qxd3+ 24. Nxd3 Rxf1 25. Rxf1 Nf5 26. Re1
Rxe1+ 27. Nxe1 Kd7 28. Kc2 Ke6 29. Kd3 Nd6 30. b3 Kf5 31. Ke3 g5 32. c4 g4 33.
hxg4+ Kxg4 34. Kf2 h5 35. Kg2 Nf5 36. d5 h4 37. Nd3 Ne3+ 38. Kf2 Nf5 39. Kg2
Ne3+ 40. Kf2 Nd1+ 41. Kg2 Nc3 42. Nf2+ Kf5 43. a4 Nb1 44. Nd3 Nd2 45. Nc1 Kg4
46. a5 a6 47. Kh1 Kf5 48. Kg2 Ke4 49. Kh3 Kd4 50. Kxh4 Nxb3 51. Nxb3+ Kxc4 52.
d6 cxd6 53. Nd2+ Kb4 54. Kg4 Kxa5 55. Kf4 Kb4 56. Ke4 Kc3 57. Nb1+ Kc2 58. Na3+
Kb3 59. Nb1 b5 60. Kd3 a5 61. Nc3 b4 62. Nb5 a4 63. Nd4+ Kb2 64. Nc6 b3 65. Na5
Kc1 0-1

[Event "C.to Mondiale U18 femminile"]
[Site "Oropesa del Mar ESP"]
[Date "1999.10.29"]
[Round "6"]
[White "Bonzano, Maria Angela"]
[Black "Gomez-Cabrero Lopez, Maria"]
[Result "1/2-1/2"]
[ECO "A48"]
[WhiteElo "1593"]
[BlackElo "2139"]
[PlyCount "54"]
[EventDate "1999.10.24"]

1. d4 Nf6 2. Nf3 g6 3. Bf4 Bg7 4. h3 O-O 5. e3 d6 6. Bd3 h6 7. O-O Nbd7 8. Bh2
Re8 9. c3 e5 10. dxe5 dxe5 11. Bc2 Qe7 12. Nbd2 Kh8 13. Nc4 Nh7 14. Qd2 a6 15.
a4 e4 16. Nd4 Ndf8 17. Qe2 h5 18. Nd2 f5 19. Qc4 c6 20. Bb3 Ne6 21. Nxe6 Bxe6
22. Qxe6 Qxe6 23. Bxe6 Rxe6 24. Nc4 Kg8 25. Rfd1 Nf6 26. Nd6 b6 27. Nc4 Nd5
1/2-1/2

[Event "C.to Mondiale U18 femminile"]
[Site "Oropesa del Mar ESP"]
[Date "1999.11.01"]
[Round "8"]
[White "Sanchez Castillo, Sarai"]
[Black "Arnetta, Marianna"]
[Result "0-1"]
[ECO "C10"]
[WhiteElo "2085"]
[BlackElo "1714"]
[PlyCount "42"]
[EventDate "1999.10.24"]

1. e4 e6 2. d4 d5 3. Nc3 dxe4 4. Nxe4 Nf6 5. Ng3 e5 6. Nf3 Nc6 7. c3 exd4 8.
Nxd4 Nxd4 9. Qxd4 Qxd4 10. cxd4 Bb4+ 11. Bd2 Bxd2+ 12. Kxd2 O-O 13. Be2 Rd8 14.
Rhd1 Rxd4+ 15. Ke1 Rxd1+ 16. Rxd1 Bd7 17. Bf3 h6 18. Nh5 Nd5 19. Nf4 Nf6 20.
Nh5 Nd5 21. Nf4 Re8+ 0-1